El poder de la política del poder
Uloženo v:
| Hlavní autor: | |
|---|---|
| Médium: | Kniha |
| Jazyk: | španělština |
| Vydáno: |
Ciudad de México
Gernika
1991
|
| Vydání: | 1a. ed |
| Edice: | Colección Ciencias Políticas, 22
|
| Témata: | |
| Tagy: |
Přidat tag
Žádné tagy, Buďte první, kdo vytvoří štítek k tomuto záznamu!
|
MARC
| LEADER | 00000nam a2200000 a 4500 | ||
|---|---|---|---|
| 001 | UCH1988 | ||
| 003 | CL-VaPUC | ||
| 008 | 090520e19910000MX |||||||||||||||||spa|d | ||
| 020 | |a 081350919X | ||
| 082 | 0 | 4 | |a 327.101 |b VAS |2 21 |
| 100 | 0 | |a Vásquez, John A |e author |9 536616 | |
| 245 | 1 | 3 | |a El poder de la política del poder |
| 250 | |a 1a. ed | ||
| 300 | |a 408 p | ||
| 942 | |c BK | ||
| 945 | |d 20090520 00:00:00 |a dcastane | ||
| 260 | |a Ciudad de México |b Gernika |c 1991 | ||
| 650 | 0 | |a Política |9 255312 | |
| 650 | 0 | |a Poder político |9 255509 | |
| 650 | 0 | |a Ciencias Políticas |9 255201 | |
| 650 | 0 | |a Política internacional |9 255813 | |
| 650 | 0 | |a Relaciones Internacionales |9 255740 | |
| 650 | 0 | |a Derecho internacional |9 255637 | |
| 650 | 0 | |a Soberanía |9 266726 | |
| 650 | 0 | |a Estado |9 255503 | |
| 650 | 7 | |a PARADIGMAS |2 CL-VaPUC |9 373546 | |
| 583 | |a last modification |c 20090520 00:00:00 |k Rodrigo Vera | ||
| 490 | 0 | |a Colección Ciencias Políticas, 22 | |
| 999 | |c 333857 |d 333855 | ||
| 952 | |0 0 |1 0 |4 0 |6 327_101000000000000_VAS_1991 |7 0 |8 A |9 422500 |a BIBHIS |b BIBHIS |d 2019-11-22 |i 4517601 |o 327.101 VAS 1991 |p 4517601 |r 2025-01-20 |w 2019-11-22 |y BK |k HIS | ||